000 005170000a22001450004500
001 19188
020 _a0-567-30078-1
100 1 _aGreinacher, Norbert., (Editor)
245 1 0 _aDiakonia : Church for others / Edited by Norbert Greinacher, Norbert Mette
260 _aEdinburgh, Scotland : T. & T. Clark
300 _axii, 134 páginas
501 _aRústico
505 0 0 _aEl enfoque de la necesidad humana - La compasión divina como una comisión cristiana - Áreas de conflicto en la praxis diaconal
942 _cBK
999 _c45559
_d45559